00384nam a2200145Ia 450000500170000000800460001703700290006304000200009204100130011208400290012524500310015424500310018526000090021630000130022520250508154431.0008 250505s9999 xx 000 0 eng d aBooks to be hide in OPAC aFEDLbengcFEDL aeng2eng a309.230 954, IND/OqFEDL 0aSecond five year plan 1956 0cIndia. Planning Commission c1956 axiv,653p